| 000 | 00765nam a2200205 i 4500 | ||
|---|---|---|---|
| 001 | 41463 | ||
| 003 | ES-MaACL | ||
| 005 | 20240222171432.0 | ||
| 007 | t| | ||
| 008 | 030310s1962 sp ||||1| spa d | ||
| 100 | 1 |
_aCasalduero, Joaquín, _d1903-1990 _936063 |
|
| 245 | 1 | 0 |
_aSentido y forma de las novelas ejemplares / _cJoaquín Casalduero. |
| 260 |
_aMadrid : _bGredos, _c[1962] |
||
| 300 |
_a274 p. ; _c23 cm. |
||
| 490 | 1 |
_aBiblioteca románica hispánica. II, Estudios y ensayos ; _v57 |
|
| 600 | 1 | 4 |
_aCervantes Saavedra, Miguel de, _d1547-1616. _tNovelas ejemplares- _xCrítica e interpretación _937622 |
| 830 | 0 |
_aBiblioteca románica hispánica. II, Estudios y ensayos ; _v57 _9178108 |
|
| 852 |
_aES-MaACL _jC-21414 _bR.49899 |
||
| 999 |
_c41463 _d41463 |
||